00645cam a2200205 a 450000100060000000300090000600500170001500800410003204000380007308200180011124500700012925000120019926000510021130000400026250400510030265000110035365000150036470000270037971000330040611752BD-DhUAP20201229113408.0201229s2006 bg abf b f000 0 eng  aBD-DhUAPcBD-DhUAPdBD-DhUAPbEng a394.6 BAN223 aBangladesh fairs and festivals /cedited by Kamal Uddin Siddiqui. a1st ed. aBangladesh :bExternal publicity wing,cc2006. a81 pages :billustrations ;c22 cm. aIncludes bibliographical references and index. aFairs. aFestivals. aSiddiqui, Kamal Uddin. aMinistry of foreign affairs.